<?xml version="1.0" encoding="UTF-8"?>
<record
    xmlns:xsi="http://www.w3.org/2001/XMLSchema-instance"
    xsi:schemaLocation="http://www.loc.gov/MARC21/slim http://www.loc.gov/standards/marcxml/schema/MARC21slim.xsd"
    xmlns="http://www.loc.gov/MARC21/slim">

  <leader>01377nam a2200217 a 4500</leader>
  <controlfield tag="008">120416s1967    ||||||||||||||||| ||    u</controlfield>
  <datafield tag="050" ind1=" " ind2=" ">
    <subfield code="a">TP 270 Urb</subfield>
  </datafield>
  <datafield tag="100" ind1=" " ind2=" ">
    <subfield code="a">Urbanski, Tadeusz</subfield>
  </datafield>
  <datafield tag="245" ind1="1" ind2="0">
    <subfield code="a">Chemistry and technology of explosives, vols 1 to 4</subfield>
  </datafield>
  <datafield tag="260" ind1=" " ind2=" ">
    <subfield code="a">Oxford</subfield>
    <subfield code="b">Pergamon</subfield>
    <subfield code="c">1967</subfield>
  </datafield>
  <datafield tag="300" ind1=" " ind2=" ">
    <subfield code="a">ii, 544p. : ill.</subfield>
  </datafield>
  <datafield tag="350" ind1=" " ind2=" ">
    <subfield code="a">0.00</subfield>
  </datafield>
  <datafield tag="700" ind1=" " ind2=" ">
    <subfield code="a">Laverton, Sylvia</subfield>
  </datafield>
  <datafield tag="700" ind1=" " ind2=" ">
    <subfield code="a">Jeczalikowa, Irena</subfield>
  </datafield>
  <datafield tag="995" ind1=" " ind2=" ">
    <subfield code="a">ANNEX COLLECTION (Main Library)</subfield>
    <subfield code="D">0.00</subfield>
    <subfield code="e">714272</subfield>
    <subfield code="F">CBU-MAIN LIBRARY (Kitwe)</subfield>
    <subfield code="H">2</subfield>
    <subfield code="I">110.00</subfield>
    <subfield code="j">TP 270 Urb</subfield>
    <subfield code="M">1</subfield>
    <subfield code="U">AVAILABLE</subfield>
    <subfield code="y">016935</subfield>
    <subfield code="Z">Annex Low-Usage Collection </subfield>
  </datafield>
  <datafield tag="995" ind1=" " ind2=" ">
    <subfield code="a">ANNEX COLLECTION (Main Library)</subfield>
    <subfield code="D">0.00</subfield>
    <subfield code="e">714271</subfield>
    <subfield code="F">CBU-MAIN LIBRARY (Kitwe)</subfield>
    <subfield code="H">3</subfield>
    <subfield code="I">110.00</subfield>
    <subfield code="j">TP 270 Urb</subfield>
    <subfield code="M">3</subfield>
    <subfield code="U">AVAILABLE</subfield>
    <subfield code="y">016937</subfield>
    <subfield code="Z">Annex Low-Usage Collection </subfield>
  </datafield>
  <datafield tag="995" ind1=" " ind2=" ">
    <subfield code="a">TEXTBOOKS (MIN.ENG.) </subfield>
    <subfield code="D">0.00</subfield>
    <subfield code="e">03197</subfield>
    <subfield code="F">CBU-SCHOOL TEXTBOOK COLLECTIONS</subfield>
    <subfield code="H">1</subfield>
    <subfield code="I">0.00</subfield>
    <subfield code="j">SCHOOL TEXTBOOK</subfield>
    <subfield code="M">6</subfield>
    <subfield code="U">AVAILABLE</subfield>
    <subfield code="W">Aug 11, 2009</subfield>
    <subfield code="y">03197</subfield>
    <subfield code="Z">School Collections</subfield>
  </datafield>
  <datafield tag="995" ind1=" " ind2=" ">
    <subfield code="a">MAIN LIBRARY OPEN ACCESS</subfield>
    <subfield code="D">0.00</subfield>
    <subfield code="e">714272</subfield>
    <subfield code="F">CBU-MAIN LIBRARY (Kitwe)</subfield>
    <subfield code="H">4</subfield>
    <subfield code="I">110.00</subfield>
    <subfield code="j">TP 270 Urb</subfield>
    <subfield code="M">4</subfield>
    <subfield code="U">AVAILABLE</subfield>
    <subfield code="y">016938</subfield>
    <subfield code="Z">Main Library Open Access Collection</subfield>
  </datafield>
  <datafield tag="995" ind1=" " ind2=" ">
    <subfield code="a">TEXTBOOKS (MIN.ENG.) </subfield>
    <subfield code="D">0.00</subfield>
    <subfield code="e">03196</subfield>
    <subfield code="F">CBU-SCHOOL TEXTBOOK COLLECTIONS</subfield>
    <subfield code="H">1</subfield>
    <subfield code="I">0.00</subfield>
    <subfield code="j">SCHOOL TEXTBOOK</subfield>
    <subfield code="M">5</subfield>
    <subfield code="U">AVAILABLE</subfield>
    <subfield code="W">Aug 11, 2009</subfield>
    <subfield code="y">03196</subfield>
    <subfield code="Z">School Collections</subfield>
  </datafield>
  <datafield tag="995" ind1=" " ind2=" ">
    <subfield code="a">ANNEX COLLECTION (Main Library)</subfield>
    <subfield code="D">0.00</subfield>
    <subfield code="e">714270</subfield>
    <subfield code="F">CBU-MAIN LIBRARY (Kitwe)</subfield>
    <subfield code="H">1</subfield>
    <subfield code="I">110.00</subfield>
    <subfield code="j">TP 270 Urb</subfield>
    <subfield code="M">2</subfield>
    <subfield code="U">AVAILABLE</subfield>
    <subfield code="y">016936</subfield>
    <subfield code="Z">Annex Low-Usage Collection </subfield>
  </datafield>
  <datafield tag="999" ind1=" " ind2=" ">
    <subfield code="c">79313</subfield>
    <subfield code="d">79313</subfield>
  </datafield>
</record>
